书目信息 |
| 题名: |
英国当代水彩画家
|
|
| 作者: | 约翰·雅德里 | |
| 分册: | ||
| 出版信息: | 济南 山东美术出版社 2001 |
|
| 页数: | 30 | |
| 开本: | 26cm | |
| 丛书名: | ||
| 单 册: | ||
| 中图分类: | J235 | |
| 科图分类: | ||
| 主题词: | 绘画--世界 , 绘画--各国 | |
| 电子资源: | ||
| ISBN: | 7-5330-1471-5 | |
| 000 | 00563nam0 2200193 450 | |
| 001 | 0739037328 | |
| 005 | 20070817105037.32 | |
| 010 | @a7-5330-1471-5@b精装@d¥36.00 | |
| 100 | @a20070817d km y0chiy0120 ea | |
| 101 | 0 | @achi |
| 200 | 1 | @a英国当代水彩画家@Aying guo dang dai shui cai hua jia@f约翰.雅德里@Fyue han.ya de li |
| 210 | @a济南@c山东美术出版社@d2001 | |
| 215 | @a30@d26cm | |
| 606 | 0 | @a绘画@x世界 |
| 606 | 0 | @a绘画@y各国 |
| 690 | @aJ235@v3 | |
| 701 | 0 | @a约翰·雅德里@Ayue han·ya de li |
| 801 | 0 | @aCN@bPFT@c20070817 |
| 905 | @a213230@dJ235@eM150@f1 | |
| 英国当代水彩画家/约翰.雅德里.-济南:山东美术出版社,2001 |
| 30;26cm |
| ISBN 7-5330-1471-5(精装):¥36.00 |
| ● |
| 相关链接 |
|
|
|
|
正题名:英国当代水彩画家
索取号:J235/M150
 
预约/预借
| 序号 | 登录号 | 条形码 | 馆藏地/架位号 | 状态 | 备注 |
| 1 | 6400032 | 264000324 | 密集书库-美术系/ [索取号:J235/M150] | 在馆 |